000 00440nam a2200205Ia 4500
001 11913
003 GE_BSU
008 181216s||||||||xx |||||||||||||| ||und||
020 _a9781847441331
040 _cGE_BSU
080 _a821.111-314
100 _aMelikan,Rose
245 4 _aThe Blackstone Key
260 _aLondon
260 _bSphere.
260 _c2008.
300 _a438p;24cm.
653 _aThe Blackstone Key
942 _cBK
999 _c45090
_d45090